(Record no. 187668)

MARC details
000 -LEADER
fixed length control field 00408nam a2200145Ia 4500
041 ## - LANGUAGE CODE
Language code of text/sound track or separate title Arabic
082 ## - DEWEY DECIMAL CLASSIFICATION NUMBER
Classification number 810,813 cut-89 ح
100 ## - MAIN ENTRY--PERSONAL NAME
Personal name 20260118u\\\\\\\\\\\y0engy0103\\\\ba
Personal name مصطفى خوشناڤ حمو
245 #0 - TITLE STATEMENT
Title ملحمة سيامند وخجه - دراسة نقدية -
250 ## - EDITION STATEMENT
Edition statement ط1
260 ## - PUBLICATION, DISTRIBUTION, ETC. (IMPRINT)
Name of publisher, distributor, etc مطبعة الثقافة
Place of publication, distribution, etc اربيل
Date of publication, distribution, etc 2009
300 ## - PHYSICAL DESCRIPTION
Extent 110
942 ## - ADDED ENTRY ELEMENTS (KOHA)
Koha item type Books
Holdings
Withdrawn status Lost status Damaged status Not for loan Collection code Home library Current library Shelving location Date acquired Total Checkouts Full call number Barcode Date last seen Copy number Price effective from Koha item type
          Koya University Central Library Koya University Central Library Books 18/01/2026   810,813 cut-89 ح 0000091300 18/01/2026 1 18/01/2026 Books